000
00316nam a2200133Ia 4500
008
230524s9999 xx 000 0 und d
020
_a
9789393165091
245
0
_a
GATE 2023 - Civil Engineering
250
_a
1
260
_a
New Delhi
_b
Made Easy
300
_a
835p;
500
_a
Quantity Number: 2
942
_c
BK
999
_c
60734
_d
60734